000
00204 a2200097 4500
001
48912
100
_a
SHA
245
_a
Ajnaby Apney Dais Mein
260
_a
lahore
_b
Feroz sons
_c
090
_c
31803
_d
31803
942
_a
NUST-CAE
_c
M
_c
24229
999
_c
283985
_d
283985